| 000 | 00409nam a2200121Ia 4500 | ||
|---|---|---|---|
| 008 | 170221s9999 xx 000 0 und d | ||
| 100 | _aThouraya B. Dammak | ||
| 245 | _aTHE REPERCUSSIONS OF THE 2008 FINANCIAL CRISIS ON THE LABOUR MARKET IN TUNISIA | ||
| 245 | _cThouraya B. Dammak, Kamel Helali | ||
| 260 | _c2012 | ||
| 650 | _xBusiness | ||
| 856 | _uhttp://escijournals.net/index.php/JBF/article/view/33/134 | ||
| 999 |
_c311736 _d311736 |
||